Представление документа в формате RUSMARC

ПолеНазваниеЗначение
  Тип записи a
  Библиографический уровень a
001 Контрольный номер RU/CBS_UL/BASE/c0b07ce043a240a0bee54d2feb6fcb90
005 Дата корректировки 20250928234341.4
100 Данные общей обработки __
a Данные общей обработки 20250928 ||| 0rusy0189 ca
101 Язык документа 0_
a Язык текста rus
102 Страна публикации __
a Страна публикации RU
200 Заглавие и сведения об ответственности 1_
a Заглавие 5 вопросов о венчании
e Сведения, относящиеся к заглавию [о том, как проходит венчание]
300 Общие примечания __
a Общие примечания Содерж. : Важные даты ; Особый день
300 Общие примечания __
a Общие примечания 16+
461 Уровень набора _0
1 2000
a Дарья
463 Уровень физической единицы _0
1 2000
a № 15
v С. 38 : фот.
1 2101
d 2025
1 001RU/CBS_UL/BASE/b354d1027e3648938d158b036dfae317
606 Тематические рубрики 0_
a Основная рубрика Брак (венчание)
610 Ключевые слова 0_
a Ключевые слова православие; венчание; обряд венчания ; таинства церковные ; церковный брак
686 Индексы других классификаций __
2 Код системы rubbk
a Классификационный индекс 86.372-503.65
801 Источник записи _0
a Страна RU
b Организация МБУК ЦБС г. Ульяновска
c Дата составления 20250928
g Правила каталогизации RCR
801 Источник записи _1
a Страна RU
b Организация МБУК ЦБС г. Ульяновска
c Дата составления 20250928
g Правила каталогизации RCR
901 Тип документа __
t Тип документа b
w Контрольный № источника RU/CBS_UL/BASE/b354d1027e3648938d158b036dfae317
909 Создатель записи __
a Создатель записи lib1